Countries That Start With C - Statistics

General Stats
  • This quiz has been taken 37 times
  • The average score is 11 of 16
Answer Stats
Answer % Correct
China
91%
Canada
85%
Colombia
85%
Cambodia
79%
Chile
79%
Chad
76%
Comoros
76%
Cyprus
73%
Czechia
73%
Cameroon
70%
Croatia
64%
Cuba
52%
CAR
48%
Costa Rica
42%
Cabo Verde
39%
Ivory Coast
21%
No matching quizzes found
Score Distribution
Percent of People with Each Score
Percentile by Number Answered
Your Score History
You have not taken this quiz